|
|
|
|
| LEADER |
00000nam a2200000 a 4500 |
| 001 |
85612 |
| 003 |
Ucuenca |
| 005 |
20231110062706.0 |
| 008 |
000000|1984 ||||||||r|||||||||||spa|| |
| 040 |
|
|
|b spa
|a UCuenca-cdrjbv
|c UCuenca
|e rda
|
| 041 |
1 |
|
|a spa
|
| 082 |
0 |
|
|a 868
|
| 100 |
1 |
|
|a Montalvo, Juan.
|d 1832-1889
|e autor
|9 229057
|
| 245 |
|
|
|a Las Catilinarias
|c Juan Montalvo. Prólogo de Juan Luis Panero
|
| 264 |
|
|
|a Colombia
|b Círculo de Lectores
|c 1984
|
| 300 |
|
|
|a 336 páginas:
|c 20 cm
|
| 336 |
|
|
|2 rdacontent
|a texto
|b txt
|
| 337 |
|
|
|2 rdamedia
|a no mediado
|b n
|
| 338 |
|
|
|2 rdacarrier
|a volumen
|b nc
|
| 610 |
|
0 |
|a
|9 82
|
| 650 |
|
|
|a Catilinarias
|9 106892
|2 UCuenca-cdrjbv
|
| 650 |
|
0 |
|a Literatura ecuatoriana
|9 307
|
| 852 |
|
|
|a UC-CDJBV
|f Compra
|l 1
|m General
|p 00000000
|r 8
|t 85612
|b 0
|d CDRC
|e CDRC
|g 868 ESTANTERIA CERRADA
|z 0000-00-00
|
| 942 |
|
|
|c BK
|2 ddc
|
| 999 |
|
|
|c 63923
|d 63923
|